=LDR 00000nam 2200000 4500 =001 INLIS000000000009192 =005 20130612101017 =008 ***********************************Ind** =035 ##$$0010-061300000009192 =041 ##$$a Ind =082 ##$$a 005.369 =090 ##$$a 005.369, Sch-m =100 ##$$a Schmidt, Udo =245 ##$$a Menyelamatkan data dengan norton utility, Udo Schmidt =260 ##$$a 1989 $b Jakarta =300 ##$$a 176 hlm., ilus., 21 cm =650 ##$$a Komputer-Program Norton Utility =850 ##$$a NBPNMAT